Click the Movie Title Ending #2 - Statistics

General Stats
  • This quiz has been taken 220 times
  • The average score is 18 of 24
Answer Stats
Hint Answer % Correct
Pretty Woman
94%
Spy Kids
91%
Love Actually
87%
Uncle Buck
87%
Sixteen Candles
87%
Training Day
87%
Wayne's World
84%
Falling Down
83%
House Party
83%
Three Kings
81%
National Treasure
81%
After Hours
77%
Steel Magnolias
77%
Flash Gordon
76%
Monster House
71%
Breaking Away
69%
Marriage Story
67%
True Romance
63%
Poor Things
63%
Weird Science
62%
Blue Velvet
61%
Mystic Pizza
57%
Paper Moon
52%
Mystery Train
37%
No matching quizzes found
Score Distribution
Percent of People with Each Score
Percentile by Number Answered
Your Score History
You have not taken this quiz